000 00629nam a22001817a 4500
005 20251108175130.0
008 250721s2009 xx 000 0 ara d
082 1 4 _a615.85/سيد
100 1 _aالسيد، عبد الباسط محمد
245 1 0 _aالأرق أسبابه و علاجه بالنباتات الطبية و الطب الحديث /
264 1 _aالجيزة :
_bألفا -للنشر و الإنتاج الفني،
_c2009.
300 _a160ص.
490 0 _aالوصول للصحة المثلى
_v1
650 1 7 _aالعلاج الطبيعي
650 1 7 _aالارق
942 _2ddc
_cBK
999 _c126930
_d126930